Top 10 Songs by AC/DC - Statistics

General Stats
  • This quiz has been taken 30 times
  • The average score is 6 of 10
Answer Stats
Hint Answer % Correct
1 Back in Black
89%
2 Thunderstruck
89%
3 Highway to Hell
85%
5 Hells Bells
74%
6 T.N.T.
63%
7 Dirty Deeds Done Dirt Cheap
56%
10 It's a Long Way to the Top (If You Wanna Rock 'n' Roll)
52%
4 You Shook Me All Night Long
52%
9 Shoot to Thrill
44%
8 Whole Lotta Rosie
41%
No matching quizzes found
Score Distribution
Percent of People with Each Score
Percentile by Number Answered
Your Score History
You have not taken this quiz